Library Banner

Principles of marketing: (Record no. 18864)

MARC details
000 -LEADER
fixed length control field 00540nam a2200205Ia 4500
001 - CONTROL NUMBER
control field 18478
008 - FIXED-LENGTH DATA ELEMENTS--GENERAL INFORMATION
fixed length control field 140405s9999 xx 000 0 und d
020 ## - INTERNATIONAL STANDARD BOOK NUMBER
International Standard Book Number 0-13-027092-x
040 ## - CATALOGING SOURCE
Transcribing agency PK-LaUMT
082 ## - DEWEY DECIMAL CLASSIFICATION NUMBER
Classification number 658.8
Item number ANG-P
100 ## - MAIN ENTRY--PERSONAL NAME
Personal name Geok Theng Lau
245 ## - TITLE STATEMENT
Title Principles of marketing:
Remainder of title An Asian case book
Statement of responsibility, etc Geok Theng Lau<>Swee Hoon Ang<>Yanmin Gu
260 ## - PUBLICATION, DISTRIBUTION, ETC. (IMPRINT)
Place of publication, distribution, etc New York,USA:
Name of publisher, distributor, etc Prentice Hall,
Date of publication, distribution, etc 2000
300 ## - PHYSICAL DESCRIPTION
Extent 217 p.
546 ## - LANGUAGE NOTE
Language note EN
650 ## - SUBJECT ADDED ENTRY--TOPICAL TERM
Topical term or geographic name as entry element Marketing
700 ## - ADDED ENTRY--PERSONAL NAME
Personal name Swee Hoon Ang
700 ## - ADDED ENTRY--PERSONAL NAME
Personal name Yanmin Gu
942 ## - ADDED ENTRY ELEMENTS (KOHA)
Koha item type Books
Holdings
Withdrawn status Lost status Damaged status Not for loan Home library Current library Date acquired Total Checkouts Full call number Barcode Date last seen Price effective from Koha item type
        UMT Main Campus UMT Main Campus 2014-04-05   658.8 ANG-P 21606 2023-07-04 2014-04-22 Books